Stochastic tools in turbulence
Αποθηκεύτηκε σε:
| Κύριος συγγραφέας: | |
|---|---|
| Μορφή: | Βιβλίο |
| Γλώσσα: | English |
| Δημοσίευση: |
New York :
Academic ,
1970
|
| Σειρά: | Applied mathematics and mechanics (Academic Press)
; 12 |
| Θέματα: | |
| Ετικέτες: |
Προσθήκη ετικέτας
Δεν υπάρχουν, Καταχωρήστε ετικέτα πρώτοι!
|
MARC
| LEADER | 00000cam a2200000 i 4500 | ||
|---|---|---|---|
| 001 | 1/90447 | ||
| 008 | 970421s1970 eng d | ||
| 020 | |a 0-12-460050-6 | ||
| 035 | |l 10007529 | ||
| 040 | |a GR-MY-UA |b gre |e aacr | ||
| 041 | 0 | |a eng | |
| 082 | 0 | |a 532.517015192 | |
| 100 | 1 | |a Lumley, John L. |q (John Leask) |d 1930- | |
| 245 | 1 | 0 | |a Stochastic tools in turbulence / |c John L. Lumley |
| 260 | |a New York : |b Academic , |c 1970 | ||
| 300 | |a xi, 194 p.; |b illu.; |c 24 cm | ||
| 490 | 1 | |a Applied mathematics and mechanics (Academic Press) |v ; 12 | |
| 504 | |a Bibliography: p. 187-190 | ||
| 650 | 0 | 0 | |a Turbulence. |
| 650 | 0 | 0 | |a Stochastic processes. |
| 830 | 0 | |a Applied mathematics and mechanics (Academic Press) |v ; 12 | |
| 852 | |a INST |b LESVOS |e 19970421 |h 532.517015192 LUM |p 005100011460 |q 005100011460 |t BK |y 0 | ||
| 909 | |a Λ |b 012375 | ||